[Event "Guernsey Holiday"]
[Site "Guernsey GCI"]
[Date "2006.10.21"]
[Round "7"]
[White "Haisma, Henk"]
[Black "Kershaw, Graham J"]
[Result "1-0"]
[WhiteElo "1664"]
[BlackElo "1640"]
[PlyCount "97"]
[EventDate "2006.10.15"]
[SourceDate "2006.11.12"]

1. b4 e6 2. Bb2 Nf6 3. a3 d5 4. e3 c5 5. bxc5 Bxc5 6. Nf3 Nbd7 7. c4 dxc4 8.
Bxc4 O-O 9. O-O b6 10. d4 Be7 11. Nc3 Bb7 12. Qe2 Qb8 13. Rac1 Bd6 14. e4 Bf4
15. Rc2 Rd8 16. g3 Bh6 17. Bc1 Bxc1 18. Rfxc1 Nf8 19. Bd3 Rc8 20. Ba6 Ne8 21.
Bb5 a6 22. Bd3 b5 23. d5 exd5 24. Nxd5 Qd6 25. Rxc8 Rxc8 26. Rxc8 Bxc8 27. Qc2
Bd7 28. Qc3 Be6 29. Nb4 Qb6 30. Nc6 Qc7 31. Qc5 Qd6 32. Qxd6 Nxd6 33. Ng5 g6
34. Nxe6 Nxe6 35. Nb8 Nc5 36. Bf1 Ndxe4 37. Bg2 f5 38. f4 Kf7 39. Bxe4 fxe4 40.
Kf2 Ke6 41. Nc6 Kd5 42. Nb4+ Kc4 43. Ke2 a5 44. Nc2 Kc3 45. Ne3 b4 46. Nd5+ Kb3
47. axb4 axb4 48. Nf6 Kc2 49. Nxh7 {1-0, Time.} 1-0

[Event "Guernsey Holiday"]
[Site "Guernsey GCI"]
[Date "2006.10.21"]
[Round "7"]
[White "Foster, Paul"]
[Black "Jongerius, Marc"]
[Result "1-0"]
[WhiteElo "1600"]
[BlackElo "1651"]
[PlyCount "67"]
[EventDate "2006.10.15"]
[SourceDate "2006.11.12"]

1. e4 e5 2. Nf3 Nc6 3. Bc4 Nf6 4. Nc3 Nxe4 5. Bxf7+ Kxf7 6. Nxe4 d5 7. Neg5+
Kg8 8. d3 h6 9. Nh3 Kh7 10. O-O Bg4 11. Nfg5+ hxg5 12. Qxg4 Be7 13. Bxg5 Qd6
14. Bxe7 Nxe7 15. Rae1 Kg8 16. f4 exf4 17. Rxf4 Ng6 18. Rff1 Rf8 19. Qe6+ Qxe6
20. Rxe6 Rxf1+ 21. Kxf1 Kf7 22. Ng5+ Kf8 23. Rxg6 Rxh2 24. Kg1 Rh8 25. Nf3 Kf7
26. Rg5 c6 27. b4 Re8 28. Re5 Rd8 29. d4 b6 30. Kf2 Kf6 31. g4 Rf8 32. Rf5+ Ke7
33. Rxf8 Kxf8 34. Ne5 1-0

[Event "Guernsey Holiday"]
[Site "Guernsey GCI"]
[Date "2006.10.21"]
[Round "7"]
[White "Finch, Russell"]
[Black "Bakkes, Frits"]
[Result "1-0"]
[WhiteElo "1725"]
[BlackElo "1639"]
[PlyCount "105"]
[EventDate "2006.10.15"]
[SourceDate "2006.11.12"]

1. d4 g6 2. Nf3 Bg7 3. Bf4 Nf6 4. e3 d6 5. Nbd2 Nh5 6. Bg5 h6 7. Bh4 g5 8. Bg3
f5 9. Bd3 Kf7 10. Ne5+ dxe5 11. Qxh5+ Kf8 12. Bc4 e6 13. Bxe5 Bxe5 14. dxe5 b5
15. Be2 Bd7 16. Qf3 Bc6 17. Qg3 h5 18. h4 g4 19. Rg1 Qd5 20. c4 bxc4 21. Bxc4
Qa5 22. Bxe6 Na6 23. Qf4 Be4 24. Qg5 Qxe5 25. Qg6 Qg7 26. Qxg7+ Kxg7 27. Nxe4
fxe4 28. Rc1 c5 29. Ke2 Rab8 30. Rc2 Rb6 31. Bb3 Rf8 32. Rd2 Rbf6 33. Ke1 Nb4
34. Bc4 Nd3+ 35. Bxd3 exd3 36. b3 Ra6 37. Rf1 Rd6 38. Kd1 a5 39. f3 a4 40. f4
Re8 41. Re1 axb3 42. axb3 Ra8 43. Rb2 Rb8 44. Kc1 Rdb6 45. Kd2 Rxb3 46. Rxb3
Rxb3 47. Rc1 Rb2+ 48. Kxd3 Rxg2 49. Rxc5 g3 50. Rxh5 Kf8 51. Rg5 Rg1 52. Ke2
Rg2+ 53. Kf3 1-0

[Event "Guernsey Holiday"]
[Site "Guernsey GCI"]
[Date "2006.10.21"]
[Round "7"]
[White "Kok, Franciscus"]
[Black "Guttridge, David"]
[Result "1/2-1/2"]
[WhiteElo "1685"]
[BlackElo "1608"]
[PlyCount "91"]
[EventDate "2006.10.15"]
[SourceDate "2006.11.12"]

1. d4 e6 2. c4 f5 3. Nf3 Nf6 4. a3 d5 5. Nc3 c6 6. e3 Bd6 7. c5 Bc7 8. Be2 O-O
9. O-O Nbd7 10. h3 e5 11. Nxe5 Nxe5 12. dxe5 Bxe5 13. Na2 Ne4 14. f4 Bf6 15.
Rf3 Nxc5 16. Rb1 Ne4 17. Qe1 Kh8 18. b4 d4 19. Bb2 Be6 20. Ra1 dxe3 21. Bxf6
Qxf6 22. Rxe3 Rfe8 23. Bf3 Bf7 24. Bxe4 Rxe4 25. Rxe4 fxe4 26. Nc3 Rd8 27. Nxe4
Qxf4 28. Nf2 Re8 29. Qd1 Bd5 30. Nd3 Qg3 31. Qd2 Bxg2 32. Qxg2 Qxd3 33. Rf1 Kg8
34. Qa2+ Qd5 35. Qf2 b6 36. Qf4 h6 37. Qc7 Qg5+ 38. Kh1 Re2 39. Qxc6 Qe5 40.
Qc4+ Kh7 41. Qd3+ Kg8 42. Qd8+ Qe8 43. Rd1 Qxd8 44. Rxd8+ Kf7 45. Rd7+ Re7 46.
Rd3 1/2-1/2

[Event "Guernsey Holiday"]
[Site "Guernsey GCI"]
[Date "2006.10.21"]
[Round "7"]
[White "Brent, Derek"]
[Black "Ruigrok, Jacques"]
[Result "0-1"]
[WhiteElo "1336"]
[BlackElo "1758"]
[PlyCount "84"]
[EventDate "2006.10.15"]
[SourceDate "2006.11.12"]

1. e4 e5 2. Nf3 Nc6 3. d4 exd4 4. Bc4 Nf6 5. e5 d5 6. Bb5 Ne4 7. Nxd4 Bd7 8.
Nxc6 bxc6 9. Bd3 Nc5 10. Be2 g6 11. O-O Bg7 12. f4 Qe7 13. Nd2 O-O 14. Nf3 f6
15. exf6 Bxf6 16. Nd4 Ne6 17. Nxe6 Bxe6 18. c3 Rab8 19. Bd3 Bg7 20. Qc2 Qd7 21.
Be3 a5 22. Rf2 Bf5 23. Bxf5 Qxf5 24. Qxf5 gxf5 25. Re1 Rfe8 26. Bd2 Kf7 27.
Rxe8 Rxe8 28. Kf1 Rb8 29. Be3 a4 30. Bc5 Rb5 31. Ba3 Bf8 32. Bxf8 Kxf8 33. Re2
Kf7 34. Ke1 c5 35. Kd1 Rb6 36. Kc2 Re6 37. Rxe6 Kxe6 38. b3 a3 39. Kd3 c6 40.
b4 Kd6 41. Ke3 d4+ 42. cxd4 cxb4 0-1

[Event "Guernsey Holiday"]
[Site "Guernsey GCI"]
[Date "2006.10.21"]
[Round "7"]
[White "Naldrett, Geoffrey W"]
[Black "Forbes, Garry"]
[Result "0-1"]
[WhiteElo "1568"]
[BlackElo "1700"]
[PlyCount "72"]
[EventDate "2006.10.15"]
[SourceDate "2006.11.12"]

1. c4 g6 2. d4 Bg7 3. e4 d6 4. Nc3 Nf6 5. f3 O-O 6. Be3 c5 7. d5 e6 8. Qd2 exd5
9. cxd5 a6 10. a4 a5 11. Nge2 Na6 12. Nb5 Ne8 13. Nec3 Nac7 14. Bd3 Nxb5 15.
Nxb5 Nc7 16. Bf4 Nxb5 17. Bxb5 Qc7 18. Rc1 Bd7 19. Bxd7 Qxd7 20. b3 Rfb8 21.
O-O b5 22. Rb1 bxa4 23. bxa4 Rb4 24. Qc2 Rab8 25. Bd2 Rb2 26. Rxb2 Rxb2 27. Qd1
Qc7 28. Qe1 Qb6 29. Bxa5 Qb3 30. Bc7 Qc2 31. Qg3 Qe2 32. Re1 Qd2 33. Rf1 Bd4+
34. Kh1 Qe2 35. Re1 Bf2 36. Rxe2 Rb1+ 0-1

[Event "Guernsey Holiday"]
[Site "Guernsey GCI"]
[Date "2006.10.21"]
[Round "7"]
[White "Kearsley, Ray J"]
[Black "Van Rooijen, Gerardus C"]
[Result "1-0"]
[WhiteElo "1640"]
[BlackElo "1589"]
[PlyCount "41"]
[EventDate "2006.10.15"]
[SourceDate "2006.11.12"]

1. e4 c5 2. Nc3 d6 3. g3 e6 4. Bg2 Nc6 5. f4 Rb8 6. Nf3 b6 7. O-O Bb7 8. d3 Nf6
9. e5 dxe5 10. fxe5 Nd7 11. Ne4 Ndxe5 12. Nxe5 Nxe5 13. Bf4 Qd4+ 14. Kh1 Bxe4
15. Bxe4 Rd8 16. c3 Qd6 17. Qh5 g6 18. Qxe5 Qxe5 19. Bxe5 Rg8 20. Bc6+ Ke7 21.
Bf6+ 1-0

[Event "Guernsey Holiday"]
[Site "Guernsey GCI"]
[Date "2006.10.21"]
[Round "7"]
[White "Stanners, Michael J"]
[Black "Palmer, Eric"]
[Result "1-0"]
[WhiteElo "1624"]
[BlackElo "1575"]
[PlyCount "85"]
[EventDate "2006.10.15"]
[SourceDate "2006.11.12"]

1. d4 c5 2. e3 e6 3. Bd3 Nc6 4. c3 d5 5. f4 cxd4 6. exd4 Nf6 7. Nf3 Be7 8. Ne5
Nxe5 9. fxe5 Ne4 10. O-O O-O 11. Nd2 f5 12. exf6 Nxf6 13. Nf3 Qe8 14. Ne5 Bd7
15. Qe2 a6 16. Nxd7 Qxd7 17. Re1 Bd6 18. Qxe6+ Qxe6 19. Rxe6 Bc7 20. Bg5 Rae8
21. Rae1 h6 22. Bxf6 Rxe6 23. Rxe6 Rxf6 24. Rxf6 gxf6 25. Bf5 Kf7 26. Bc8 b6
27. Bxa6 Bf4 28. b3 Bd2 29. c4 Ke6 30. Kf2 dxc4 31. bxc4 Kd6 32. a4 f5 33. g3
f4 34. gxf4 Bxf4 35. h4 Bd2 36. h5 Bg5 37. Kf3 Bd2 38. Ke4 Bg5 39. a5 bxa5 40.
Bb5 Kc7 41. c5 Bc1 42. d5 Ba3 43. d6+ 1-0

[Event "Guernsey Holiday"]
[Site "Guernsey GCI"]
[Date "2006.10.21"]
[Round "7"]
[White "Harnden, Terry"]
[Black "O'Connor, Jonathan"]
[Result "1-0"]
[WhiteElo "1515"]
[BlackElo "1605"]
[PlyCount "100"]
[EventDate "2006.10.15"]
[SourceDate "2006.11.12"]

1. e4 c5 2. Nf3 Nc6 3. d4 cxd4 4. Nxd4 a6 5. a4 e5 6. Nb3 Be7 7. Nc3 h6 8. Nd5
Nf6 9. Nxe7 Qxe7 10. Bd3 O-O 11. O-O d6 12. Nd2 Rd8 13. Re1 Be6 14. Nf1 Rac8
15. c3 d5 16. exd5 Rxd5 17. Ne3 Rd6 18. Qe2 e4 19. Bc2 Ne5 20. Bd2 Rcd8 21.
Rad1 Qc7 22. Bc1 Bg4 23. Nxg4 Nexg4 24. Bf4 g5 25. Bxd6 Rxd6 26. Rxd6 Qxd6 27.
g3 Qb6 28. b4 h5 29. h3 Ne5 30. Bxe4 Nxe4 31. Qxe4 f6 32. Qd5+ Kg7 33. Rxe5
fxe5 34. Qxe5+ Qf6 35. Qxf6+ Kxf6 36. f4 gxf4 37. gxf4 Kf5 38. Kf2 Kxf4 39. c4
h4 40. b5 axb5 41. cxb5 Ke5 42. a5 Kd6 43. a6 bxa6 44. bxa6 Kc7 45. Kf3 Kb6 46.
Kg4 Kxa6 47. Kxh4 Kb6 48. Kg5 Kc7 49. Kg6 Kd7 50. h4 Ke7 1-0

[Event "Guernsey Holiday"]
[Site "Guernsey GCI"]
[Date "2006.10.21"]
[Round "7"]
[White "Dokter, Marike"]
[Black "Collins, Alan"]
[Result "1/2-1/2"]
[WhiteElo "1601"]
[BlackElo "1496"]
[PlyCount "42"]
[EventDate "2006.10.15"]
[SourceDate "2006.11.12"]

1. e4 c6 2. d4 d5 3. Nc3 dxe4 4. Nxe4 Bf5 5. Ng3 Bg6 6. Nf3 Nd7 7. Be2 e6 8.
O-O Ngf6 9. Bf4 Nd5 10. Bd2 Bd6 11. c4 Nf4 12. Re1 Nxe2+ 13. Nxe2 Nf6 14. Nf4
Bxf4 15. Bxf4 Qa5 16. Re5 Qa6 17. Qb3 Rd8 18. Qb4 Qb6 19. Bd2 Be4 20. Qxb6 axb6
21. Bc3 O-O 1/2-1/2

[Event "Guernsey Holiday"]
[Site "Guernsey GCI"]
[Date "2006.10.21"]
[Round "7"]
[White "Ince, Darren"]
[Black "Nalichowski, Bogdan"]
[Result "1-0"]
[WhiteElo "1528"]
[BlackElo "1505"]
[PlyCount "95"]
[EventDate "2006.10.15"]
[SourceDate "2006.11.12"]

1. d4 d5 2. Nf3 Nf6 3. Bg5 Nc6 4. Nbd2 g6 5. e3 Bf5 6. c3 Bg7 7. Bb5 Bd7 8. O-O
a6 9. Bd3 b5 10. Re1 O-O 11. Qe2 Qc8 12. e4 Re8 13. e5 Ng4 14. h3 Nh6 15. Nb3
Bf5 16. Nc5 f6 17. Bf4 e6 18. exf6 Bf8 19. Bxf5 exf5 20. Qxe8 Qxe8 21. Rxe8
Rxe8 22. Nxa6 Nf7 23. Nxc7 g5 24. Nxe8 gxf4 25. Nc7 Nd6 26. Nxd5 Ne4 27. Nxf4
Kf7 28. Ne5+ Nxe5 29. dxe5 Bh6 30. Nd3 Ke6 31. a4 bxa4 32. Rxa4 Bf8 33. Ra6+
Kf7 34. Nf4 Bc5 35. Nd3 Bf8 36. Rc6 h5 37. Nf4 h4 38. Rc7+ Kg8 39. Ne6 Bh6 40.
f7+ Kh8 41. f8=Q+ Bxf8 42. Nxf8 f4 43. Ng6+ Kg8 44. Nxf4 Ng5 45. e6 Kf8 46. e7+
Ke8 47. Nd5 Nf7 48. Nf6# 1-0

[Event "Guernsey Holiday"]
[Site "Guernsey GCI"]
[Date "2006.10.21"]
[Round "7"]
[White "Herschmann, Heinz"]
[Black "James, Howard"]
[Result "1/2-1/2"]
[WhiteElo "1280"]
[BlackElo "1450"]
[PlyCount "60"]
[EventDate "2006.10.15"]
[SourceDate "2006.11.12"]

1. d4 Nf6 2. c4 g6 3. e3 Bg7 4. Nf3 d6 5. Be2 b6 6. Nc3 Bb7 7. h3 a6 8. O-O O-O
9. b3 e6 10. Bb2 Nbd7 11. Rc1 c5 12. dxc5 dxc5 13. Ba1 Qc7 14. Nh2 Rad8 15. Qc2
Nb8 16. Bf3 Nc6 17. Rfd1 Nb4 18. Qe2 Ne8 19. Bxb7 Rxd1+ 20. Rxd1 Qxb7 21. a3
Nc6 22. Qf3 Qc8 23. Ne4 Bxa1 24. Rxa1 Ne5 25. Qe2 f6 26. Nc3 Qc6 27. f4 Nd7 28.
Qf3 Qc7 29. Rd1 Rf7 30. Qe2 f5 1/2-1/2

[Event "Guernsey Holiday"]
[Site "Guernsey GCI"]
[Date "2006.10.21"]
[Round "7"]
[White "Nalichowski, Sebastian"]
[Black "Ruhle, Ernst A"]
[Result "0-1"]
[WhiteElo "1740"]
[BlackElo "1608"]
[PlyCount "92"]
[EventDate "2006.10.15"]
[SourceDate "2006.11.12"]

1. e4 d5 2. exd5 Qxd5 3. Nc3 Qa5 4. d4 c6 5. Bc4 Nf6 6. Bd2 Qc7 7. Nf3 Bg4 8.
h3 Bxf3 9. Qxf3 e6 10. g4 h6 11. O-O-O Nbd7 12. h4 O-O-O 13. g5 Nb6 14. Bf4 Bd6
15. Bxe6+ fxe6 16. Bxd6 Rxd6 17. gxf6 Rf8 18. Qg3 gxf6 19. Ne4 Rd7 20. Qxc7+
Kxc7 21. Nc5 Kd6 22. Rhe1 Re7 23. Ne4+ Kc7 24. Nc5 Rfe8 25. Rd3 Nd5 26. c4 b6
27. cxd5 bxc5 28. Rc3 exd5 29. Rxe7+ Rxe7 30. dxc5 Re6 31. b4 Re2 32. Ra3 Kb7
33. f4 Rf2 34. Re3 Rxf4 35. Re7+ Ka6 36. Re6 Kb5 37. a3 a5 38. bxa5 Kxc5 39. a6
Ra4 40. Kb2 Rxa6 41. Rxf6 Rb6+ 42. Kc2 Kc4 43. Rxh6 d4 44. Rf6 d3+ 45. Kc1 Kc3
46. h5 d2+ {0-1, Time.} 0-1

[Event "Guernsey Holiday"]
[Site "Guernsey GCI"]
[Date "2006.10.21"]
[Round "7"]
[White "Newrick, William R"]
[Black "Brown, Jim"]
[Result "1/2-1/2"]
[WhiteElo "1400"]
[BlackElo "1128"]
[PlyCount "40"]
[EventDate "2006.10.15"]
[SourceDate "2006.11.12"]

1. d4 d6 2. c4 c6 3. Nf3 Nd7 4. Nc3 e6 5. e4 Be7 6. Be2 e5 7. O-O Ngf6 8. Qc2
O-O 9. dxe5 dxe5 10. Rd1 Qc7 11. Bg5 Rd8 12. a3 a6 13. b4 b6 14. h3 Bb7 15. Be3
c5 16. Nd5 Nxd5 17. cxd5 h6 18. b5 a5 19. a4 Rac8 20. Bc4 Qd6 1/2-1/2